Biblioteca

Diez secretos para desarrollar una familia fuerte (Registro nro. 71386)

Detalles MARC
000 -LÍDER
Campo fijo de descripción fija 01681nam a2200409 i 4500
001 - NÚMERO DE CONTROL
Campo de control 768714001
003 - IDENTIFICADOR DEL NÚMERO DE CONTROL
Campo de control CO-MdFUSB
005 - FECHA Y HORA DE LA ULTIMA TRANSACCIÓN
control field 20260407095125.0
007 - CAMPO FIJO DE DESCRIPCIÓN FIJA--INFORMACIÓN GENERAL
Campo fijo de descripción fija ta
008 - ELEMENTOS DE LONGITUD FIJA -- INFORMACIÓN GENERAL
Campo fijo de descripción fija -- Información general t2002 -us||||g |||| 00| 0 spa d
020 ## - NÚMERO INTERNACIONAL NORMALIZADO PARA LIBROS
Número Internacional Normalizado del libro 0-7899-2006-9
020 ## - NÚMERO INTERNACIONAL NORMALIZADO PARA LIBROS
Número Internacional Normalizado del libro 978-0-7899-2006-5
040 ## - FUENTE DE CATALOGACIÓN
Agencia de catalogación original CO-MdFUSB
Idioma de catalogación spa
Agencia que realiza la transcripción CO-MdFUSB
Agencia que realiza la modificación CO-MdFUSBC
Convenciones de la descripción rda
041 ## - CÓDIGO DE IDIOMA
Código de idioma para texto/pista de sonido o título separado spa
Código de idioma original eng
082 ## - NÚMERO DE CLASIFICACIÓN DECIMAL DEWEY
Número de la edición del Dewey 23
Número de clasificación 248.4
Clave de autor-Numero de item R156
100 ## - ASIENTO PRINCIPAL--NOMBRE PERSONAL
Nombre personal Rainey, Dennis
Término relacionador autor
240 ## - TITULO UNIFORME
Título uniforme <a href="Ten Secrets to Building a Strong Family">Ten Secrets to Building a Strong Family</a>
245 1# - TÍTULO
Título del Material Diez secretos para desarrollar una familia fuerte
Mención de responsabilidad, etc. / Dennis Rainey , Bárbara Rainey ; traducido por Cecilia Romanenghi de De Francesco
264 #1 - PRODUCCIÓN, PUBLICACIÓN, DISTRIBUCIÓN, MANUFACTURA, Y COPYRIGHT
Lugar de producción, publicación, distribución, manufactura Miami, Florida :
Nombre del productor, publicador, distribuidor Unilit,
Fecha de producción, publicación, distribución, manufactura, o copyright [2002]
264 #4 - PRODUCCIÓN, PUBLICACIÓN, DISTRIBUCIÓN, MANUFACTURA, Y COPYRIGHT
Fecha de producción, publicación, distribución, manufactura, o copyright ©2002
300 ## - DESCRIPCIÓN FÍSICA
Extensión 111 páginas
Dimensiones ; 18 cm
336 ## - TIPO DE CONTENIDO
Fuente rdacontent
Término de tipo de contenido texto
Código de tipo de contenido txt
337 ## - TIPO DE MEDIO
Fuente rdamedia
Nombre del tipo de medio sin mediación
Código del tipo de medio n
338 ## - TIPO DE SOPORTE
Fuente rdacarrier
Nombre del tipo de soporte volumen
Código Tipo de soporte nc
500 ## - NOTA GENERAL
Nota General Incluye índice general
505 ## - NOTA DE CONTENIDO
Nota de contenido con formato preestablecido Hunde tus raíces. -- Ora con tu cónyuge. -- Dales a tus hijos de ti mismo. -- Aliméntate como se debe. -- Establece el rumbo. -- Enamora a tu cónyuge. -- Capacita a tus discípulos. -- Lucha contra la oscuridad. -- Descansa y refrescate. -- Guarda el pacto. -- ¡Disfruta de la alegría! -- Notas.<br/>
563 ## - NOTA DE ENCUADERNACIÓN
Nota de encuadernación Tapa rústico
650 #0 - ASIENTO SECUNDARIO DE MATERIA - TERMINO TEMÁTICO
Término temático o nombre geográfico como elemento de entrada Vida cristiana
9 (RLIN) 19
650 #0 - ASIENTO SECUNDARIO DE MATERIA - TERMINO TEMÁTICO
Término temático o nombre geográfico como elemento de entrada Familias
9 (RLIN) 292
653 ## - TÉRMINO DE INDIZACIÓN - NO CONTROLADO
Término no controlado Familia — Aspectos religiosos — Cristianismo
653 ## - TÉRMINO DE INDIZACIÓN - NO CONTROLADO
Término no controlado Matrimonio — Aspectos religiosos
653 ## - TÉRMINO DE INDIZACIÓN - NO CONTROLADO
Término no controlado Crianza de los hijos — Aspectos religiosos
700 ## - ASIENTO SECUNDARIO - NOMBRE PERSONAL
Nombre personal Rainey, Barbara
9 (RLIN) 11744
Responsabilidad autor
700 ## - ASIENTO SECUNDARIO - NOMBRE PERSONAL
Nombre personal Romanenghi de De Francesco, Cecilia ‎
9 (RLIN) 10876
Responsabilidad traductor
942 ## - TIPO DE MATERIAL (KOHA)
Tipo de Item KOHA Libros General
945 ## - INFORMACIÓN LOCAL DEL REGISTRO
Catalogador Catherine Arias Alvarez
Existencias
Estado de Material Estado de Perdido Forma de Clasificación Estado de Dañado No para Préstamo Colección Biblioteca de Origen Biblioteca Permanente Fecha de Adquisición Área Total de Préstamos Signatura Topográfica Código de Barras Última vez visto Ejemplar/Existencia Fecha de Remplazo Tipo de Material
    Dewey Decimal Classification     Colección General Biblioteca FUSBC Biblioteca FUSBC 10/07/2025 VIDA CRISTIANA   G 248.4 R156d 25762 10/07/2025 Ej. 1 10/07/2025 Libros General

Biblioteca FUSBC | Teléfono: (57+4) 349 88 10 Ext. 141| WhatsApp (+57) 3005338115 
E-mail: biblioteca@unisbc.edu.co | Calle 76 87-14 Robledo Palenque, Medellín, Colombia

Con tecnología Koha